| 000 | 00679nam a2200205 i 4500 | ||
|---|---|---|---|
| 001 | 91404 | ||
| 003 | ES-MaACL | ||
| 005 | 20230906180720.0 | ||
| 007 | t| | ||
| 008 | 050131s1985 mx ||||1| spa d | ||
| 020 | _a968-16-1815-7 | ||
| 100 | 1 |
_aLevin, Kenneth. _971970 |
|
| 245 | 1 | 0 |
_aFreud y su primera psicología de las neurosis _b: una perspectiva histórica / _cKenneth Levin ; [traducción de Oscar Barahona y Uxoa Doyhamboure]. |
| 250 | _a[1ª ed.]. | ||
| 260 |
_aMéxico : _bFondo de Cultura Económica, _c1985. |
||
| 300 |
_a320 p. ; _c21 cm. |
||
| 700 | 1 |
_aBarahona, Oscar. _925282 |
|
| 700 | 1 |
_aDoyhamboure, Uxoa. _945548 |
|
| 852 |
_aES-MaACL _jL-10529 _bR.111502 |
||
| 999 |
_c91404 _d91404 |
||